Textbook of electrical technology: VOL iii Transmission, Distribution & utilization (Record no. 15412)

MARC details
000 -LEADER
fixed length control field 00453nam a2200133 a 4500
020 ## - INTERNATIONAL STANDARD BOOK NUMBER
ISBN 8121924413 (hardcover)
020 ## - INTERNATIONAL STANDARD BOOK NUMBER
ISBN 9788121924412 (hardcover)
100 1# - MAIN ENTRY--AUTHOR NAME
Personal name Theraja, B.L.
245 10 - TITLE STATEMENT
Title Textbook of electrical technology: VOL iii Transmission, Distribution & utilization
260 ## - PUBLICATION, DISTRIBUTION, ETC. (IMPRINT)
Place of publication [VOL.11l.] :
Name of publisher Chand (S.) & Co Ltd ,India,
Year of publication 1989.
300 ## - PHYSICAL DESCRIPTION
Number of Pages 1384
856 40 - ELECTRONIC LOCATION AND ACCESS
Uniform Resource Identifier http://www.amazon.com/exec/obidos/ASIN/8121924413/chopaconline-20
942 ## - ADDED ENTRY ELEMENTS (KOHA)
Koha item type Books
Holdings
Withdrawn status Lost status Home library Current library Date acquired Cost, normal purchase price Full call number Accession Number Koha item type
    Central Library, QUEST, Nawabshah Central Library, QUEST, Nawabshah 12/05/2016 68.00 621.31THE 14193 Books